Fent equilibris [Enregistrament sonor] : 1964-2002 / Guillermina Motta 1964-2002 / Guillermina Motta
Publicado:
[Barcelona] :
Generalitat de Catalunya, Departament de Cultura : Columna Música : Diputació de Barcelona, Xarxa de Municipis, DL 2002
Descripción Física:
6 discs òptics (CD) 76, 79, 74, 78, 73, 72 min + llibret 127 p. ; 13 x 15 cm ; dins 1 contenidor
Otros Autores:
Vázquez Montalbán, Manuel
,
Espinàs, Josep M., 1927-2023
,
Abella i Gibert, Delfí
,
Pujadó, Miquel
,
Comadira, Narcís
MARC
| LEADER | 00000nam a2200000Ia 4500 | ||
|---|---|---|---|
| 001 | 14760 | ||
| 008 | 160829s9999 xx 000 0 cat d | ||
| 080 | |a CD-1-46 | ||
| 100 | |a Motta, Guillermina |9 39703 | ||
| 245 | |a Fent equilibris [Enregistrament sonor] : |b 1964-2002 / Guillermina Motta | ||
| 260 | |a [Barcelona] : |b Generalitat de Catalunya, Departament de Cultura : |b Columna Música : |b Diputació de Barcelona, Xarxa de Municipis, DL 2002 | ||
| 300 | |a 6 discs òptics (CD) 76, 79, 74, 78, 73, 72 min + llibret 127 p. ; |c 13 x 15 cm ; |c dins 1 contenidor | ||
| 590 | |a Presentació dins d'una capsa de cartó. | ||
| 590 | |a Conté les lletres de les cançons. | ||
| 590 | |a Conté: CD 1. (1964-1968) ; Visca l'amor (1968) | ||
| 590 | |a CD 2. Remena nena (1970) ; Guillermota en el país de les Guillerminas (1970) ; Història de Catalunya amb cançons (1971) | ||
| 590 | |a CD 3. Nadal amb Guillermina Motta (1972) ; Tango (1972) ; Cançons que estimo per a la gent que estimo (1974) ; Canticel (1976) | ||
| 590 | |a CD 4. Vota Motta (1977) ; Una bruixa com les altres (1981) ; Les Guillermines del rei Salomó (1981) | ||
| 590 | |a CD 5. Lluny de Malibú (1978) ; Bestiari (1989) ; Segons la lluna (1993) | ||
| 590 | |a CD 6. Segons la lluna (1993) [continuació] ; Íntim ( 1999) ; Cançons inèdites ( 2002) | ||
| 650 | |a Cançons franceses |x S. XX |9 39704 | ||
| 650 | |a Poesia catalana |x S. XX |x Adaptacions musicals |9 39705 | ||
| 650 | |a Catalunya |x Història |x Cançons i música I |9 39706 | ||
| 650 | |a Bestiaris |x Cançons i música |9 39707 | ||
| 650 | |a Cuplets |x Catalunya |x S. XX |9 39708 | ||
| 650 | 0 | |a Nova Cançó |9 39709 | |
| 700 | |a Vázquez Montalbán, Manuel |9 39710 | ||
| 700 | 1 | |a Espinàs, Josep M., |d 1927-2023 |9 28496 | |
| 700 | |a Abella i Gibert, Delfí |9 39711 | ||
| 700 | |a Pujadó, Miquel |9 39712 | ||
| 700 | |a Comadira, Narcís |9 39713 | ||
| 710 | 1 | |a Barcelona (Catalunya : Província). |b Diputació |9 52408 | |
| 901 | |a Arxiu | ||
| 942 | |n 1 | ||
| 952 | |0 0 |1 0 |4 0 |6 CD146 |7 1 |9 49172 |a Arxiu |b Arxiu |d 2016-12-01 |l 0 |o CD-1-46 |p 14760 |r 2016-12-01 00:00:00 |w 2016-12-01 |y ARXIU | ||
| 999 | |c 53012 |d 53012 | ||